Refrigeration & Air Conditioning (Record no. 4928)

MARC details
000 -LEADER
fixed length control field 00424nam a22001697a 4500
005 - DATE AND TIME OF LATEST TRANSACTION
control field 20160630123939.0
008 - FIXED-LENGTH DATA ELEMENTS--GENERAL INFORMATION
fixed length control field 160630b xxu||||| |||| 00| 0 eng d
020 ## - INTERNATIONAL STANDARD BOOK NUMBER
ISBN `81-219-2781-1
041 ## - LANGUAGE CODE
Language code of text/sound track or separate title eng
082 ## - DEWEY DECIMAL CLASSIFICATION NUMBER
Item number 19779
100 ## - MAIN ENTRY--AUTHOR NAME
Personal name Khurmi R S
245 ## - TITLE STATEMENT
Title Refrigeration & Air Conditioning
260 ## - PUBLICATION, DISTRIBUTION, ETC. (IMPRINT)
Place of publication New Delhi
Name of publisher Sultan Chand & Sons,
Year of publication 2014
300 ## - PHYSICAL DESCRIPTION
Number of Pages 743
650 ## - SUBJECT ADDED ENTRY--TOPICAL TERM
Topical Term Diploma Engineering
942 ## - ADDED ENTRY ELEMENTS (KOHA)
Koha item type Books
Holdings
Lost status Damaged status Home library Current library Shelving location Date acquired Cost, normal purchase price Full call number Accession Number Koha item type
    JRU Library   SHELF-44-L 30/06/2016 550.00 19779 19779 Books
    JRU Library   SHELF-44-L 30/06/2016 550.00 19779 19780 Books
Missing   JRU Library JRU Library   30/06/2016 550.00 19779 19781 Books
Missing   JRU Library JRU Library   30/06/2016 550.00 19779 19782 Books
    JRU Library   SHELF-44-L 30/06/2016 550.00 19779 19783 Books
    JRU Library   SHELF-44-L 30/06/2016 550.00 19779 19784 Books
    JRU Library   SHELF-44-L 30/06/2016 550.00 19779 19785 Books
    JRU Library   SHELF-44-L 30/06/2016 550.00 19779 19786 Books
    JRU Library   SHELF-44-L 30/06/2016 550.00 19779 19787 Books
    JRU Library   SHELF-44-L 30/06/2016 550.00 19779 19788 Books